UK Places by Picture - Statistics

General Stats
  • This quiz has been taken 46 times
  • The average score is 8 of 12
Answer Stats
Picture Answer % Correct
London
100%
Dover
92%
Blackpool
86%
Manchester
84%
Brighton
78%
Newcastle
70%
Bristol
68%
Edinburgh
65%
Birmingham
46%
Hull
41%
Lincoln
30%
Stratford-upon-Avon
19%
No matching quizzes found
Score Distribution
Percent of People with Each Score
Percentile by Number Answered
Your Score History
You have not taken this quiz